000
00268nam a2200121 a 4500
008
101022s1974|||| d
245
1
0
_a
Martin Eden
100
1
_a
London, Jack
044
_a
xo
_c
SK
041
_a
slo
260
_b
Tatran
_a
Bratislava
_c
1974
020
_c
26
999
_c
12105
_d
12105